000 00437nam a2200169Ia 4500
003 LK-CoDNM
008 010623t1981 xxu||||| |||| 00| 1 sin d
040 _aLK-CoDNM
_dLK-CoDNM
_eLK-CoDNM
041 _asin
080 _a8S-119 ANA
100 _aAnanda Thero, Muvaaetagama
245 _aනියං කුරුල්ලෝ
246 _aNiyan Kurullo
260 _bPradeepa
_aColombo
_c1981
300 _b53p., 21 cm
942 _cBK
999 _c111639
_d111639